Missing Word: '50s Movies A-Z Quiz Stats

Quiz Updated Feb 12, 2015

Challenge
Share
Tweet
Embed
Score 0/24 Timer 03:00
2 Plays Today
Hint Answer % Correct
Rebel Without a ____Cause
97.7%
Some ____ It HotLike
97.5%
____ PanPeter
96.7%
20,000 Leagues ____ the SeaUnder
96.7%
It Came from ____ SpaceOuter
96.3%
The Seven ____ ItchYear
95.2%
A Streetcar Named ____Desire
94.9%
12 ____ MenAngry
94.4%
____ in the RainSingin'
93.5%
North by ____Northwest
93.2%
The African ____Queen
90.3%
Creature from the ____ LagoonBlack
88.9%
Hint Answer % Correct
The Bridge on the River ____Kwai
86.4%
All About ____Eve
85.2%
____ WindowRear
85%
____ of the Body SnatchersInvasion
82.5%
To Catch a ____Thief
79.8%
Roman ____Holiday
75.5%
The Asphalt ____Jungle
73%
Anatomy of a ____Murder
70.1%
On the ____Waterfront
69.8%
Funny ____Face
61.6%
Paths of ____Glory
58.5%
Viva ____!Zapata
37.2%

Today's Daily Dose

Missing Word
Law Misconceptions

Word Ladder
Easy Math

On This Day
January 20th

You're not logged in!

Compare scores with friends on all Sporcle quizzes.
Sign Up with Email
OR
Log In

You Might Also Like...

Show Comments

Extras

Top Quizzes Today


Score Distribution

Your Account Isn't Verified!

In order to create a playlist on Sporcle, you need to verify the email address you used during registration. Go to your Sporcle Settings to finish the process.